[Event "Budapest SixDays 03 IM-B"]
[Site "Budapest"]
[Date "2025.03.27"]
[Round "6"]
[White "Shah, Vishwa"]
[Black "Vuelban, Virgilio"]
[Result "1/2-1/2"]
[WhiteElo "2172"]
[BlackElo "2244"]
[PlyCount "22"]
[EventDate "2025.03.24"]
[EventType "tourn"]
[EventRounds "9"]
[EventCountry "HUN"]
[SourceTitle "CB14_2025"]
[SourceDate "2024.11.01"]
[SourceVersion "1"]
[SourceVersionDate "2024.11.01"]
[SourceQuality "1"]

1. e4 c5 2. Nc3 g6 3. d4 cxd4 4. Qxd4 Nf6 5. Nf3 Nc6 6. Qa4 d6 7. e5 dxe5 8. Nxe5 Bd7 9. Nxd7 Qxd7 10. Be3 Bg7 11. Be2 Nd5 1/2-1/2

[Event "Budapest SixDays 03 IM-B"]
[Site "Budapest"]
[Date "2025.03.24"]
[Round "1"]
[White "Shah, Vishwa"]
[Black "Katsanis, Vasileios Dimitrios"]
[Result "1/2-1/2"]
[WhiteElo "2172"]
[BlackElo "2253"]
[PlyCount "110"]
[EventDate "2025.03.24"]
[EventType "tourn"]
[EventRounds "9"]
[EventCountry "HUN"]
[SourceTitle "CB14_2025"]
[SourceDate "2024.11.01"]
[SourceVersion "1"]
[SourceVersionDate "2024.11.01"]
[SourceQuality "1"]

1. e4 c6 2. Nf3 d5 3. d3 Qc7 4. exd5 cxd5 5. c4 Nf6 6. Nc3 e6 7. g3 dxc4 8. dxc4 Bb4 9. Qb3 Nc6 10. a3 Bxc3+ 11. Qxc3 e5 12. Bg2 0-0 13. 0-0 Bg4 14. b4 Rad8 15. Be3 Rfe8 16. Rfe1 h6 17. Rac1 Qc8 18. b5 Bxf3 19. Bxf3 Nd4 20. Bxd4 exd4 21. Rxe8+ Nxe8 22. Qd3 b6 23. Re1 Qc5 24. Bd5 Nf6 25. Bc6 g6 26. h3 Kg7 27. Kg2 a5 28. f4 Qd6 29. Re5 Qc7 30. c5 bxc5 31. Rxc5 Rd6 32. Rc4 Qd8 33. Kh2 h5 34. a4 Nh7 35. Qb3 d3 36. Qb2+ Nf6 37. Qd2 Rd4 38. Rc3 h4 39. Bf3 hxg3+ 40. Kxg3 Ng8 41. Rb3 Ne7 42. Bg4 f5 43. Bf3 Nc8 44. Qb2 Kh7 45. b6 Nxb6 46. Rxb6 d2 47. Rb8 Qf6 48. Qb3 Kh6 49. Rb6 Qg7 50. Bd1 Qc7 51. Qe6 Qxf4+ 52. Kg2 Qg5+ 53. Kh2 Qf4+ 54. Kg2 Qg5+ 55. Kh2 Qf4+ 1/2-1/2

[Event "Budapest One Week IM-B 03"]
[Site "Budapest"]
[Date "2025.03.22"]
[Round "9"]
[White "Shah, Vishwa"]
[Black "Ongut, Tamas Gunes"]
[Result "1/2-1/2"]
[WhiteElo "2172"]
[BlackElo "2290"]
[PlyCount "111"]
[EventDate "2025.03.17"]
[EventType "tourn"]
[EventRounds "9"]
[EventCountry "HUN"]
[EventCategory "1"]
[SourceTitle "CB13_2025"]
[SourceDate "2025.03.26"]
[SourceVersion "1"]
[SourceVersionDate "2025.03.26"]
[SourceQuality "1"]

1. e4 e5 2. Nf3 Nc6 3. Bb5 a6 4. Ba4 Nf6 5. 0-0 Be7 6. d3 b5 7. Bb3 d6 8. c3 0-0 9. a4 Bd7 10. Bc2 h6 11. Re1 Re8 12. Nbd2 Bf8 13. h3 Rb8 14. axb5 axb5 15. Nf1 d5 16. Ng3 Bd6 17. Nh4 b4 18. Nhf5 Bf8 19. Ba4 bxc3 20. bxc3 Ne7 21. Ba3 Nxf5 22. Nxf5 Bxa4 23. Qxa4 Ra8 24. Qb3 Rxa3 25. Rxa3 Bxa3 26. Qxa3 dxe4 27. dxe4 Qd2 28. Rf1 Nxe4 29. Qa4 Nf6 30. Qc6 Qf4 31. Ne3 Re7 32. Nd5 Nxd5 33. Qxd5 Kh7 34. Qd8 Qf6 35. Rd1 e4 36. c4 Re6 37. Qxc7 Rc6 38. Qd7 Rxc4 39. Qd5 Rb4 40. Qc5 Rb6 41. Re1 Re6 42. Qd5 Qe5 43. Qxe5 Rxe5 44. f3 f5 45. fxe4 fxe4 46. Kf2 h5 47. Ke3 Re6 48. Kf4 Rf6+ 49. Kg5 Rg6+ 50. Kxh5 Rxg2 51. Rxe4 g6+ 52. Kh4 Kh6 53. Re6 Kg7 54. Ra6 Kh6 55. Rb6 Rg1 56. Ra6 1/2-1/2

[Event "Budapest One Week IM-B 03"]
[Site "Budapest"]
[Date "2025.03.19"]
[Round "5"]
[White "Jing, Andrew"]
[Black "Shah, Vishwa"]
[Result "1-0"]
[WhiteElo "2198"]
[BlackElo "2172"]
[PlyCount "105"]
[EventDate "2025.03.17"]
[EventType "tourn"]
[EventRounds "9"]
[EventCountry "HUN"]
[EventCategory "1"]
[SourceTitle "CB13_2025"]
[SourceDate "2025.03.26"]
[SourceVersion "1"]
[SourceVersionDate "2025.03.26"]
[SourceQuality "1"]

1. d4 Nf6 2. c4 c5 3. d5 b5 4. cxb5 a6 5. bxa6 g6 6. Nc3 Bg7 7. g3 0-0 8. Bg2 d6 9. Nf3 Nbd7 10. 0-0 Nb6 11. a4 Bxa6 12. Nd2 Qd7 13. a5 Nc4 14. Nxc4 Bxc4 15. Ra3 Rfb8 16. b3 Bb5 17. Bd2 Ne8 18. Nxb5 Qxb5 19. Qc2 Nc7 20. Bf3 Na6 21. Qa2 Nb4 22. Bxb4 Qxb4 23. Rc1 Qd4 24. Rc2 Ra7 25. Kg2 Qb4 26. e3 Bc3 27. a6 Bf6 28. Be2 Kg7 29. Bc4 Qb6 30. Ra5 Qb4 31. Qa4 Bc3 32. Qxb4 Bxb4 33. Rb5 Rxb5 34. Bxb5 Ba5 35. Ra2 Bb6 36. Bc6 Rc7 37. Kf3 Kf6 38. Ke4 e5 39. Kd3 Ke7 40. e4 Kd8 41. f4 f6 42. Kc4 Ba7 43. fxe5 fxe5 44. Rf2 Ke7 45. Bb7 Rd7 46. Bc8 Rc7 47. Be6 Ke8 48. h4 Rg7 49. g4 h6 50. Rf6 Bb6 51. Bc8 Kd8 52. Rxd6+ Kxc8 53. Rxb6 1-0

[Event "Budapest One Week IM-B 03"]
[Site "Budapest"]
[Date "2025.03.18"]
[Round "2"]
[White "Shah, Vishwa"]
[Black "Luebke, Florentin"]
[Result "1-0"]
[WhiteElo "2172"]
[BlackElo "2233"]
[PlyCount "109"]
[EventDate "2025.03.17"]
[EventType "tourn"]
[EventRounds "9"]
[EventCountry "HUN"]
[EventCategory "1"]
[SourceTitle "CB13_2025"]
[SourceDate "2025.03.26"]
[SourceVersion "1"]
[SourceVersionDate "2025.03.26"]
[SourceQuality "1"]

1. e4 c5 2. Nc3 d6 3. d4 cxd4 4. Qxd4 Nc6 5. Qd2 g6 6. b3 Bh6 7. f4 Nf6 8. Bb2 0-0 9. 0-0-0 Re8 10. Kb1 a5 11. a4 Nb4 12. Nf3 Nh5 13. Ng5 Bg4 14. Re1 e5 15. Bc4 Be6 16. Nxe6 fxe6 17. Rd1 exf4 18. Qxd6 Qxd6 19. Rxd6 Kf7 20. Nb5 Nf6 21. Bxf6 Kxf6 22. Nc7 Bf8 23. Nxe8+ Rxe8 24. Rb6 Bc5 25. Rxb7 Bd4 26. Rd1 Ke5 27. Bd3 Nxd3 28. cxd3 Be3 29. Rb5+ Kd4 30. Rxa5 g5 31. Rxg5 f3 32. Rg7 f2 33. Kb2 Bd2 34. Rf7 Bc3+ 35. Kc2 Be1 36. Rf3 Rg8 37. g3 h5 38. Ra1 h4 39. gxh4 Rg1 40. Rxf2 Bxf2 41. Rxg1 Bxg1 42. b4 Bxh2 43. h5 Ke5 44. Kc3 Kd6 45. h6 Bf4 46. h7 Be5+ 47. Kc4 Kc6 48. d4 Bg7 49. e5 Kb6 50. a5+ Kb7 51. Kb5 Kc7 52. a6 Kb8 53. Kc6 Ka7 54. b5 Kb8 55. Kd7 1-0

[Event "Pozarevac Rudar IM 12"]
[Site "Pozarevac"]
[Date "2024.12.08"]
[Round "8"]
[White "Shah, Vishwa"]
[Black "Dumanuly, Sultanbeibarys"]
[Result "0-1"]
[WhiteElo "2127"]
[BlackElo "2218"]
[PlyCount "58"]
[EventDate "2024.12.02"]
[EventType "tourn"]
[EventRounds "9"]
[EventCountry "SRB"]
[SourceTitle "CB50_2024"]
[SourceDate "2024.11.01"]
[SourceVersion "1"]
[SourceVersionDate "2024.11.01"]
[SourceQuality "2"]

1. e4 e5 2. Nf3 Nc6 3. Bb5 a6 4. Ba4 Nf6 5. 0-0 Be7 6. d3 b5 7. Bb3 0-0 8. c3 d5 9. Nbd2 a5 10. a4 b4 11. Re1 Rb8 12. Bc2 h6 13. Nf1 Be6 14. exd5 Nxd5 15. Bd2 Bf6 16. Ng3 b3 17. Bb1 Qd7 18. h3 Rfe8 19. Qe2 Be7 20. Nxe5 Nxe5 21. Qxe5 Bg5 22. Qe2 Bxh3 23. Qd1 Rxe1+ 24. Qxe1 Re8 25. Qc1 Bxd2 26. Qxd2 Bxg2 27. Kxg2 Qg4 28. f3 Nf4+ 29. Kf2 Qh4 0-1

[Event "Pozarevac Rudar IM 12"]
[Site "Pozarevac"]
[Date "2024.12.03"]
[Round "2"]
[White "Shah, Vishwa"]
[Black "Ilincic, Zlatko"]
[Result "1/2-1/2"]
[WhiteElo "2127"]
[BlackElo "2259"]
[PlyCount "53"]
[EventDate "2024.12.02"]
[EventType "tourn"]
[EventRounds "9"]
[EventCountry "SRB"]
[SourceTitle "CB50_2024"]
[SourceDate "2024.11.01"]
[SourceVersion "1"]
[SourceVersionDate "2024.11.01"]
[SourceQuality "2"]

1. e4 c5 2. Nc3 Nc6 3. Bb5 Na5 4. d4 a6 5. Be2 cxd4 6. Qxd4 Nc6 7. Qe3 b5 8. a4 b4 9. Nd5 Rb8 10. b3 e6 11. Bb2 d6 12. Nf4 Nf6 13. Nf3 Be7 14. h3 Qb6 15. Qxb6 Rxb6 16. Nd2 Ne5 17. 0-0-0 Nfd7 18. Nd3 Nxd3+ 19. Bxd3 Bf6 20. Nc4 Rc6 21. Rhe1 Ke7 22. f4 Bxb2+ 23. Kxb2 h5 24. Be2 h4 25. Bf3 Nb6 26. Ne3 a5 27. Be2 1/2-1/2

[Event "Lignano Bella Italia op 3rd"]
[Site "Lignano Sabbiadoro"]
[Date "2024.08.21"]
[Round "7"]
[White "Cichon, Bartlomiej"]
[Black "Shah, Vishwa"]
[Result "0-1"]
[WhiteElo "1992"]
[BlackElo "2179"]
[PlyCount "66"]
[EventDate "2024.08.17"]
[EventType "swiss"]
[EventRounds "9"]
[EventCountry "ITA"]
[SourceTitle "CBM 221 Extra"]
[Source "ChessBase"]
[SourceDate "2024.09.30"]
[SourceVersion "1"]
[SourceVersionDate "2024.09.30"]
[SourceQuality "1"]

1. e4 c5 2. Nf3 d6 3. d4 cxd4 4. Nxd4 Nf6 5. Nc3 a6 6. h3 Nc6 7. g4 g6 8. Be3 Nxd4 9. Qxd4 Bg7 10. e5 Nd7 11. 0-0-0 Bxe5 12. Qd2 0-0 13. f4 Bg7 14. Bg2 Rb8 15. Ba7 Ra8 16. Bd4 e5 17. Be3 Nb6 18. Bf1 exf4 19. Bxf4 d5 20. Nxd5 Nxd5 21. Qxd5 Qf6 22. Bd6 Qxb2+ 23. Kd2 Be6 24. Qd3 Rfd8 25. Ke1 Bf8 26. Ba3 Qxa3 27. Qxd8 Rxd8 28. Rxd8 Qa5+ 29. Rd2 Be7 30. Ke2 Qe5+ 31. Kd1 Qb2 32. Bg2 Bg5 33. Ke2 Qc3 0-1

[Event "Lignano Bella Italia op 3rd"]
[Site "Lignano Sabbiadoro"]
[Date "2024.08.20"]
[Round "6"]
[White "Shah, Vishwa"]
[Black "Casagrande, Federico"]
[Result "1/2-1/2"]
[WhiteElo "2179"]
[BlackElo "2109"]
[PlyCount "54"]
[EventDate "2024.08.17"]
[EventType "swiss"]
[EventRounds "9"]
[EventCountry "ITA"]
[SourceTitle "CBM 221 Extra"]
[Source "ChessBase"]
[SourceDate "2024.09.30"]
[SourceVersion "1"]
[SourceVersionDate "2024.09.30"]
[SourceQuality "1"]

1. e4 e6 2. d4 d5 3. e5 c5 4. c3 Nc6 5. Nf3 Bd7 6. Be2 f6 7. 0-0 fxe5 8. Nxe5 Nxe5 9. dxe5 Qc7 10. Bf4 0-0-0 11. a4 Ne7 12. Na3 a6 13. b4 c4 14. b5 Ng6 15. Bg3 h5 16. Bxh5 Nxe5 17. Nc2 Bd6 18. Be2 Nf7 19. bxa6 bxa6 20. Nb4 Qa7 21. Bxd6 Nxd6 22. Bf3 Nb7 23. h3 Nc5 24. a5 Qc7 25. Ra2 Rdf8 26. Re1 Rf6 27. Re3 Rh4 1/2-1/2

[Event "Lignano Bella Italia op 3rd"]
[Site "Lignano Sabbiadoro"]
[Date "2024.08.19"]
[Round "4"]
[White "Golubka, Petr"]
[Black "Shah, Vishwa"]
[Result "1/2-1/2"]
[WhiteElo "2390"]
[BlackElo "2179"]
[PlyCount "122"]
[EventDate "2024.08.17"]
[EventType "swiss"]
[EventRounds "9"]
[EventCountry "ITA"]
[SourceTitle "CBM 221 Extra"]
[Source "ChessBase"]
[SourceDate "2024.09.30"]
[SourceVersion "1"]
[SourceVersionDate "2024.09.30"]
[SourceQuality "1"]

1. d4 Nf6 2. c4 c5 3. d5 b5 4. Qc2 bxc4 5. e4 e6 6. Nc3 exd5 7. e5 Ng8 8. Nxd5 Bb7 9. Bxc4 Ne7 10. Qb3 Bxd5 11. Bxd5 Nxd5 12. Qxd5 Nc6 13. Nf3 Be7 14. Bd2 0-0 15. 0-0 Qb6 16. Bc3 Rad8 17. Rfe1 Nb4 18. Qe4 Qg6 19. Rad1 Qxe4 20. Rxe4 d5 21. exd6 Bxd6 22. Bxb4 cxb4 23. Red4 Be7 24. Rxd8 Rxd8 25. Rxd8+ Bxd8 26. Ne5 Bf6 27. Nc6 Bxb2 28. Nxa7 Bd4 29. Nc6 Bc5 30. Kf1 Kf8 31. Ke2 Ke8 32. Kd3 Bxf2 33. Nxb4 Kd7 34. g4 Bg1 35. h3 Kd6 36. Ke4 g6 37. Nd3 f6 38. a3 Kc6 39. h4 Bb6 40. Nf4 g5 41. hxg5 fxg5 42. Ne6 h6 43. Nd4+ Kc5 44. Nf5 Kc4 45. Nxh6 Kb3 46. Nf7 Kxa3 47. Nxg5 Bd8 48. Ne6 Bh4 49. Kf5 Kb3 50. Nf8 Kc3 51. Ng6 Bd8 52. Ke6 Bg5 53. Ne5 Kc2 54. Nf3 Bd8 55. Kd7 Bf6 56. Ke6 Bd8 57. Kd5 Kd1 58. Ke4 Ke2 59. Kf4 Kf2 60. g5 Bxg5+ 61. Kxg5 Kxf3 1/2-1/2

[Event "Lignano Bella Italia op 3rd"]
[Site "Lignano Sabbiadoro"]
[Date "2024.08.18"]
[Round "3"]
[White "Shah, Vishwa"]
[Black "Domalchuk Jonasson, Aleksandr"]
[Result "1/2-1/2"]
[WhiteElo "2179"]
[BlackElo "2366"]
[PlyCount "120"]
[EventDate "2024.08.17"]
[EventType "swiss"]
[EventRounds "9"]
[EventCountry "ITA"]
[SourceTitle "CBM 221 Extra"]
[Source "ChessBase"]
[SourceDate "2024.09.30"]
[SourceVersion "1"]
[SourceVersionDate "2024.09.30"]
[SourceQuality "1"]

1. e4 Nc6 2. d4 d5 3. e5 Bf5 4. c3 e6 5. Bd3 Nge7 6. Ne2 Qd7 7. 0-0 f6 8. f4 h5 9. a4 Bxd3 10. Qxd3 Nf5 11. b4 Be7 12. Na3 Kf7 13. Nc2 h4 14. Ne3 Nxe3 15. Bxe3 f5 16. a5 a6 17. Kh1 Rag8 18. Ng1 g5 19. fxg5 Bxg5 20. Bxg5 Rxg5 21. Nh3 Rg4 22. Nf4 Ne7 23. Rab1 c6 24. Rb2 Qc8 25. Re2 Qg8 26. Qd2 Qh7 27. Nd3 Qg8 28. Nf4 Ng6 29. h3 Rg3 30. Re3 Nf8 31. Rxg3 Qxg3 32. Rf3 Qg5 33. Qf2 Nh7 34. Nd3 Qe7 35. Rf4 Ng5 36. Nc5 Kg6 37. Qe1 Ne4 38. Nxe4 dxe4 39. Qf2 Qg5 40. Kh2 Kf7 41. Kg1 Kg7 42. Qe3 Qg6 43. Qf2 Qg5 44. Qe3 Rh5 45. Kh2 Kh7 46. Qf2 Rh6 47. Kg1 Qg3 48. Qxg3 hxg3 49. Kf1 Kg6 50. Ke2 Kg5 51. Ke3 Rh8 52. Rf1 Rf8 53. Rf4 Rf7 54. Rf1 Rf8 55. Rf4 Rd8 56. Rf1 Rd7 57. Rf4 Rd8 58. Rf1 Rb8 59. Ra1 Rc8 60. Rf1 Rf8 1/2-1/2

[Event "Titled Tuesday intern op 30th Jan Early"]
[Site "Chess.com INT"]
[Date "2024.01.30"]
[Round "6"]
[White "Shah, Vishwa"]
[Black "Murthy, Pappu LN"]
[Result "1-0"]
[WhiteElo "2178"]
[BlackElo "1821"]
[PlyCount "79"]
[EventDate "2024.01.30"]
[EventType "swiss (blitz)"]
[EventRounds "11"]
[EventCountry "USA"]
[SourceTitle "EXT 2025"]
[Source "ChessBase"]
[SourceDate "2024.10.14"]
[SourceVersion "1"]
[SourceVersionDate "2024.10.14"]
[SourceQuality "1"]

1. e4 e6 2. d3 d5 3. Nd2 c5 4. Ngf3 Nc6 5. g3 Bd6 6. Bg2 Nge7 7. 0-0 0-0 8. c3 d4 9. cxd4 cxd4 10. Nc4 e5 11. Nxd6 Qxd6 12. Ne1 f6 13. f4 Be6 14. Bd2 b5 15. a3 a5 16. Nf3 b4 17. Nh4 Rab8 18. Qa4 bxa3 19. Qxa3 Nb4 20. Rfc1 Qb6 21. fxe5 fxe5 22. Nf3 Nec6 23. Ng5 Bd7 24. Qb3+ Kh8 25. Nf7+ Rxf7 26. Qxf7 Qd8 27. Bf1 Bg4 28. Rc4 Qd6 29. Bxb4 axb4 30. Qd5 Qxd5 31. exd5 Ne7 32. d6 Nd5 33. Ra7 Rd8 34. Bg2 Ne3 35. Rcc7 Nf5 36. d7 Ne7 37. Ra8 Rxa8 38. Bxa8 Bxd7 39. Rxd7 Ng6 40. Rd8+ 1-0

[Event "Sitges Sunway op 10th"]
[Site "Sitges"]
[Date "2023.12.18"]
[Round "6"]
[White "Shah, Vishwa"]
[Black "Sathvik, Adiga"]
[Result "1-0"]
[WhiteElo "2186"]
[BlackElo "1866"]
[PlyCount "79"]
[EventDate "2023.12.12"]
[EventType "swiss"]
[EventRounds "10"]
[EventCountry "ESP"]
[SourceTitle "EXT 2025"]
[Source "ChessBase"]
[SourceDate "2024.10.14"]
[SourceVersion "1"]
[SourceVersionDate "2024.10.14"]
[SourceQuality "1"]

1. e4 e5 2. Nf3 Nc6 3. Bb5 a6 4. Ba4 Nf6 5. 0-0 b5 6. Bb3 Bc5 7. c3 d6 8. a4 Rb8 9. d4 Bb6 10. a5 Ba7 11. h3 Bb7 12. Be3 exd4 13. cxd4 Ne7 14. Nbd2 0-0 15. Bc2 Ng6 16. Re1 Re8 17. d5 Bxe3 18. Rxe3 c6 19. dxc6 Bxc6 20. Nd4 Ba8 21. Qe1 d5 22. e5 Ne4 23. f3 Nxd2 24. Qxd2 Nf4 25. Rae1 Qg5 26. Kh2 Rbc8 27. g3 Ne6 28. Nxe6 fxe6 29. Bb3 Rc6 30. f4 Qe7 31. Rd3 Kh8 32. f5 Rf8 33. fxe6 Qc5 34. Re2 Rxe6 35. Bxd5 Bxd5 36. Rxd5 Qc7 37. Rd6 Rfe8 38. Rxe6 Rxe6 39. Qf4 Qe7 40. Qe4 1-0